|
|
|
|
| LEADER |
01168nam a2200445 4500 |
| 001 |
DLU080061918 |
| 005 |
##20080110 |
| 008 |
##970422c19989999ctuar1 0 a0eng d |
| 010 |
# |
# |
|a sn 97004158
|z 82646006
|
| 020 |
# |
# |
|a 007294949X
|
| 022 |
# |
# |
|a 1094-2610
|
| 035 |
# |
# |
|9 000013334342
|9 1397069
|
| 035 |
# |
# |
|9 1397069
|
| 040 |
# |
# |
|a SUA
|c DLU
|d DLU
|
| 042 |
# |
# |
|a nsdp
|a lcd
|
| 082 |
# |
# |
|a 155.5
|b Ado
|
| 210 |
# |
# |
|a Adolesc. psychol
|
| 222 |
# |
# |
|a Adolescent psychology
|
| 245 |
# |
# |
|a Adolescent psychology.
|
| 246 |
# |
# |
|a Annual editions adolescent psychology
|
| 260 |
# |
# |
|a Guilford, Conn. :
|b Dushkin,
|c 1997-
|
| 300 |
# |
# |
|a xvi, 207 p.;
|c 28 cm.
|
| 310 |
# |
# |
|a Annual
|
| 362 |
# |
# |
|a 04/05
|
| 440 |
# |
# |
|a Annual editions
|
| 500 |
# |
# |
|a Description based on surrogate.
|
| 515 |
# |
# |
|a Issues also called 2nd ed., etc.
|
| 650 |
# |
# |
|a Adolescent psychology
|v Periodicals.
|
| 650 |
# |
# |
|a Psychology
|v Periodicals.
|
| 923 |
# |
# |
|a 25/2007
|
| 992 |
# |
# |
|a 11150
|
| 993 |
# |
# |
|a 2004
|
| 994 |
# |
# |
|a DLU
|
| 900 |
# |
# |
|a True
|
| 911 |
# |
# |
|a Trương Bảo Trâm Anh
|
| 925 |
# |
# |
|a G
|
| 926 |
# |
# |
|a A
|
| 927 |
# |
# |
|a SH
|
| 980 |
# |
# |
|a Thư viện Trường Đại học Đà Lạt
|